000 00522cam a22002171 4500
001 ne 63002374
003 DLC
005 20260227111752.0
008 890908s1963 xx 000 0 ara
010 _ane 63002374
035 _a(OCoLC)23482755
040 _aDLC
_cMiU
_dDLC
042 _apremarc
050 0 0 _aDS225
_b.H26
100 1 _aHāphija, Hāsāna
245 1 0 _aMaʻArik al-sharaf.
260 _c[1963]
300 _a99 p.
_billus., ports.
_c20 cm.
490 0 _a#
650 0 _aArabs
_xHistory
_vAnecdotes.
999 _c46436
_d46436